00401nam a2200133Ia 450000500170000000800410001702000150005808200130007310000180008624500530010426000400015730000130019750000570021020250626012049.0240331s9999 xx 000 0 und d a9552005035 bABEa352 aAbesinghe,W.A 0aSri Lankawe andukramaya atheetha ha warthamanaya aColombobS. Godage & Brothersc1992 a247 p ., aSri Lanka's System of government - past and present